Регионална библиотека "Любен Каравелов" - Русе

Красавицата и звяра (Запис номер 436985)

MARC детайли
000 -Лидер
Контролно поле с фиксирана дължина nam a22 a 4500
003 - Код на организацията, давaща контролен номер
Контролно поле BLK
005 - Дата и час на последна редакция
Контролно поле 20230401131333.0
008 - Елементи от данни с фиксирана дължина
fixed length control field 180408b bul|||||r ||||||| ||bul||
010 ## - Наследен системен номер
LC control number KNG00094124000
020 ## - Международен стандартен номер на книга ISBN
Международен стандартен номер на книга ISBN 9789542617129
040 ## - Източник на каталожния запис
Идентификатор на билиотеката - собственик на записа BLK
041 ## - Код за език
Код за езика на текст/звукозапис или на отделно заглавие Български
Код за езика КДБФ Български
080 ## - УДК
Текстов определител УДК Английска литература
УДК код - определител по УДК 821.111
УДК определител -93-34
УДК - код + определител 821.111-93-34
100 ## - Редна дума - Автор
R(LIN) 1299
Автор Напмън, Тимъти
Авторска отговорност първи автор
139 ## - Редно поле
Редна дума Напмън, Тимъти
Авторски знак Нап - Н 22
245 10 - Сведения за заглавието
Заглавие Красавицата и звяра
Редно поле (дума) текст Тимъти Непмън ; ил. Кристофър Флинт
257 ## - Страна на издаване
Страна на създаване/издаване България
260 ## - Област на издателските данни
Място на издаване, разпространение и проч. Пловдив
Име на издателя, разпространителя и проч. Хермес
Година на издаване 2017
300 ## - Физическа характеристика
Страници 32 с.
Илюстрации и др. с цв. ил.
Размери/Мащаб 25 x 25 см, в кутия 26 x 26 см + 40 елемента и фигурки, модел на замък
380 ## - Жанр
Жанр Детска худож. лит.
500 ## - Общи забележки
Забележка Ориг. загл.: Beauty and the beast. - Прев. от англ. ез. - Възприетата форма на името на Тимъти Непмън е Тимъти Напман.
700 ## - Други автори (авторска отговорност)
9 (RLIN) 599
Лично име Флинт, Кристофър
Автороска отговорност (Описва отношението между автора и произведението) ил.
856 4# - Електронен адрес и достъп
Електронен формат pdf - файл
856 4# - Електронен адрес и достъп
Електронен формат pdf - файл
999 ## - СИСТЕМНИ КОНТРОЛНИ НОМЕРА
Koha biblionumber 436985
Koha biblioitemnumber 436985
942 ## - АРТИКУЛИ
Вид на библиотечния материал Книги
Скрит в OPAC Не
Koha issues (borrowed), all copies 17
Периодичен библиозапис Да
944 ## - СЪЗДАВАНЕ И РЕДАКЦИЯ на ЗАПИСА
Служител, извършил регистрацията/редакцията ТД
999 ## - СИСТЕМНИ КОНТРОЛНИ НОМЕРА
Koha biblioitemnumber 436985
999 ## - СИСТЕМНИ КОНТРОЛНИ НОМЕРА
Koha biblioitemnumber 436985
Наличности
Код за отписване Код за изгубен артикул Източник на класификационната схема Код за повреда Коз за рестрикции Код за отдаване Артикулен № Име на библиотеката - собственик Име на библиотеката, в която се намира в момента Статус (Текущо местоположение) Дата на вписване в системата Местоположение - отдел Цена в лева Систематично азбучна сигнатура Баркод Цена в евро Служебен тип на артикула
  Не е изгубен Universal Decimal Classification Не е повреден без рестрикции заемане за дома 862424 Регионална библиотека "Любен Каравелов" Русе Регионална библиотека "Любен Каравелов" Русе Детски отдел 2021-11-16 Детски отдел 20.97 821-93/Н 22 Т 120000862752 10.72 Книги
  Не е изгубен Universal Decimal Classification Не е повреден без рестрикции заемане за дома 862425 Регионална библиотека "Любен Каравелов" Русе Регионална библиотека "Любен Каравелов" Русе Детски отдел 2021-11-16 Детски отдел 20.97 821-93/Н 22 Т 120000862753 10.72 Книги
Vip Innovations Ltd, Rousse, Bulgaria 2025